[Event "Smith & Williamson FIDE Rated"]
[Site "Witley"]
[Date "2001.07.20"]
[Round "10.6"]
[White "Hughes, Andrew"]
[Black "Kahar, Krunal"]
[Result "0-1"]
[WhiteElo "2046"]
[BlackElo "2172"]
[PlyCount "110"]
[EventDate "2001.07.16"]
[EventType "swiss"]
[EventRounds "11"]
[EventCountry "ENG"]
[SourceTitle "BritBase"]
[Source "John Saunders"]
[SourceDate "2025.09.16"]
[SourceVersion "1"]
[SourceVersionDate "2025.09.16"]
[SourceQuality "1"]

1. e4 c5 2. d4 cxd4 3. c3 dxc3 4. Nxc3 Nc6 5. Bc4 e6 6. Nf3 a6 7. O-O Nge7 8. Bg5 f6 9. Bf4 Ng6 10. Bg3 Be7 11. Qe2 O-O 12. Rfd1 Qe8 13. Rd2 Nge5 14. Nxe5 fxe5 15. Rad1 Bc5 16. Qg4 Qg6 17. Qxg6 hxg6 18. a3 b5 19. Ba2 Be7 20. b4 g5 21. f3 Rb8 22. Ne2 Kf7 23. Nc1 Rd8 24. Nd3 Bf6 25. Nf2 Ke7 26. Ng4 d6 27. Bf2 Bb7 28. Bb6 Rd7 29. Bc5 Rbd8 30. Bb6 Rc8 31. Bc5 Nd4 32. Bxd4 exd4 33. Nxf6 gxf6 34. Rxd4 Rc3 35. R4d3 Rxd3 36. Rxd3 Rc7 37. Bb3 Rc1+ 38. Bd1 d5 39. exd5 Bxd5 40. Kf2 Bc4 41. Rd2 Ra1 42. Be2 Bxe2 43. Kxe2 Rxa3 44. Rb2 Kd6 45. Rd2+ Ke5 46. Rb2 Kd4 47. Kd2 Kc4 48. Kc2 Ra1 49. Kd2 f5 50. Rc2+ Kxb4 51. Rc6 Ra2+ 52. Kd3 a5 53. Rxe6 Rxg2 54. Rg6 g4 55. fxg4 fxg4 0-1

[Event "Smith & Williamson FIDE Rated"]
[Site "Witley"]
[Date "2001.07.20"]
[Round "10.7"]
[White "Winkworth, Julian"]
[Black "Cooley, Oliver"]
[Result "1/2-1/2"]
[WhiteElo "1904"]
[BlackElo "2079"]
[PlyCount "61"]
[EventDate "2001.07.16"]
[EventType "swiss"]
[EventRounds "11"]
[EventCountry "ENG"]
[SourceTitle "BritBase"]
[Source "John Saunders"]
[SourceDate "2025.09.16"]
[SourceVersion "1"]
[SourceVersionDate "2025.09.16"]
[SourceQuality "1"]

1. e4 e5 2. Nf3 Nc6 3. Bc4 Bc5 4. c3 Nf6 5. d3 O-O 6. O-O d6 7. Nbd2 Be6 8. Bxe6 fxe6 9. Nc4 b5 10. Ne3 Qd7 11. a4 b4 12. d4 exd4 13. cxd4 Bb6 14. Nc4 Na5 15. Nxa5 Bxa5 16. Qd3 c5 17. dxc5 dxc5 18. Qxd7 Nxd7 19. Be3 c4 20. Nd4 Bb6 21. Nxe6 Rfe8 22. Bxb6 Rxe6 23. Ba5 Rb8 24. Rac1 Rxe4 25. Rfd1 Nc5 26. f3 Re2 27. Rxc4 Nxa4 28. Rxb4 Rxb4 29. Bxb4 Nxb2 30. Rd8+ Kf7 31. Bc3 1/2-1/2

[Event "Smith & Williamson FIDE Rated"]
[Site "Witley"]
[Date "2001.07.20"]
[Round "10.8"]
[White "Rattray, Ross"]
[Black "Payne, Robert"]
[Result "1/2-1/2"]
[WhiteElo "2076"]
[BlackElo "1688"]
[PlyCount "55"]
[EventDate "2001.07.16"]
[EventType "swiss"]
[EventRounds "11"]
[EventCountry "ENG"]
[SourceTitle "BritBase"]
[Source "John Saunders"]
[SourceDate "2025.09.16"]
[SourceVersion "1"]
[SourceVersionDate "2025.09.16"]
[SourceQuality "1"]

1. e4 e6 2. d4 d5 3. Nc3 Bb4 4. Nge2 dxe4 5. a3 Bxc3+ 6. Nxc3 Nc6 7. Bb5 Bd7 8. Nxe4 Nge7 9. Bg5 a6 10. Bc4 Na5 11. Ba2 Bc6 12. Qg4 Bd5 13. b3 Bxe4 14. Qxe4 Qd5 15. Qxd5 Nxd5 16. b4 Nc6 17. c4 Nc3 18. d5 exd5 19. cxd5 Nd4 20. Kd2 Ne4+ 21. Kd3 Nxg5 22. Kxd4 O-O-O 23. f4 Ne6+ 24. Ke3 Nf8 25. Kf3 Nd7 26. Rac1 Nb6 27. Rhd1 Rd6 28. Rc5 1/2-1/2

[Event "Smith & Williamson FIDE Rated"]
[Site "Witley"]
[Date "2001.07.20"]
[Round "10.9"]
[White "Goodwin, Lydia"]
[Black "Rennie, John"]
[Result "1/2-1/2"]
[WhiteElo "1768"]
[BlackElo "2053"]
[PlyCount "39"]
[EventDate "2001.07.16"]
[EventType "swiss"]
[EventRounds "11"]
[EventCountry "ENG"]
[SourceTitle "BritBase"]
[Source "John Saunders"]
[SourceDate "2025.09.16"]
[SourceVersion "1"]
[SourceVersionDate "2025.09.16"]
[SourceQuality "1"]

1. e4 e6 2. Nf3 d5 3. Nc3 Nf6 4. e5 Nfd7 5. d4 c5 6. dxc5 Bxc5 7. Bf4 Nc6 8. Bd3 f6 9. exf6 Nxf6 10. O-O O-O 11. Bg3 a6 12. a4 Bd7 13. Ne5 Rc8 {(=)} 14. Kh1 Be8 15. Nxc6 Rxc6 16. Qe2 Bh5 17. f3 Qe8 18. Rae1 Bg6 19. Nd1 Bxd3 20. Qxd3 1/2-1/2

[Event "Smith & Williamson FIDE Rated"]
[Site "Witley"]
[Date "2001.07.20"]
[Round "10.10"]
[White "Mycroft, Richard"]
[Black "Mooring, Ross"]
[Result "1-0"]
[WhiteElo "1736"]
[BlackElo "2053"]
[PlyCount "57"]
[EventDate "2001.07.16"]
[EventType "swiss"]
[EventRounds "11"]
[EventCountry "ENG"]
[SourceTitle "BritBase"]
[Source "John Saunders"]
[SourceDate "2025.09.16"]
[SourceVersion "1"]
[SourceVersionDate "2025.09.16"]
[SourceQuality "1"]

1. e4 e6 2. d3 d5 3. Nd2 Nd7 4. Ngf3 Ne7 5. g3 g6 6. Bg2 Bg7 7. O-O O-O 8. Re1 b6 9. Nf1 Bb7 10. e5 c5 11. Bf4 Nc6 12. h4 h5 13. N1h2 f5 14. exf6 Qxf6 15. Bg5 Qf5 16. Qd2 Nd4 17. Nxd4 Bxd4 18. Nf3 Bxb2 19. Rab1 Bg7 20. Bh6 Bxh6 21. Qxh6 d4 22. Re4 Nf6 23. Ng5 Qxf2+ 24. Kxf2 Ng4+ 25. Kg1 Nxh6 26. Rxe6 Bxg2 27. Rxg6+ Kh8 28. Rxh6+ Kg7 29. Rh7+ 1-0

[Event "Smith & Williamson FIDE Rated"]
[Site "Witley"]
[Date "2001.07.20"]
[Round "10.11"]
[White "Lutton, Josiah Ezra"]
[Black "Bareham, David C"]
[Result "1-0"]
[WhiteElo "2093"]
[BlackElo "1720"]
[PlyCount "67"]
[EventDate "2001.07.16"]
[EventType "swiss"]
[EventRounds "11"]
[EventCountry "ENG"]
[SourceTitle "BritBase"]
[Source "John Saunders"]
[SourceDate "2025.09.16"]
[SourceVersion "1"]
[SourceVersionDate "2025.09.16"]
[SourceQuality "1"]

1. Nc3 g6 2. e4 Bg7 3. f4 c5 4. Nf3 Nc6 5. Bb5 Nd4 6. Bd3 d6 7. Nxd4 cxd4 8. Ne2 Qb6 9. O-O Bd7 10. Kh1 e6 11. c3 Ne7 12. Bc2 Nc6 13. d3 dxc3 14. bxc3 Rc8 15. Rb1 Qc7 16. Qe1 b6 17. f5 Ne5 18. d4 Nc4 19. f6 Bf8 20. Qh4 h6 21. e5 g5 22. Bxg5 Bc6 23. exd6 Qb7 24. Nf4 hxg5 25. Qxh8 Nd2 26. d5 Nxf1 27. dxc6 Qxc6 28. Nxe6 fxe6 29. Rd1 Rd8 30. d7+ Kf7 31. Rxf1 Rxd7 32. Qh5+ Kg8 33. f7+ Kg7 34. Qh7# 1-0

[Event "Smith & Williamson FIDE Rated"]
[Site "Witley"]
[Date "2001.07.20"]
[Round "10.13"]
[White "Manton, Timothy"]
[Black "Timms, Nicholas D"]
[Result "0-1"]
[WhiteElo "1664"]
[BlackElo "2102"]
[PlyCount "69"]
[EventDate "2001.07.16"]
[EventType "swiss"]
[EventRounds "11"]
[EventCountry "ENG"]
[SourceTitle "BritBase"]
[Source "John Saunders"]
[SourceDate "2025.09.16"]
[SourceVersion "1"]
[SourceVersionDate "2025.09.16"]
[SourceQuality "1"]

1. d4 Nf6 2. c4 c5 3. d5 b5 4. cxb5 a6 5. f3 Qa5+ 6. Bd2 Qxb5 7. Bc3 d6 8. e4 Qb7 9. Nd2 Bd7 10. a4 g6 11. g4 Bg7 12. Ne2 O-O 13. Ng3 e6 14. dxe6 Bxe6 15. Bg2 Nc6 16. Qc2 Nb4 17. Qb1 Nd7 18. Bxg7 Kxg7 19. O-O Ne5 20. Ra3 c4 21. Rc3 Rac8 22. h3 d5 23. f4 d4 24. fxe5 dxc3 25. bxc3 Qa7+ 26. Kh1 {(=)} Nd3 27. Nf3 Rb8 28. Qd1 Rb2 29. Kh2 {(=)} Qe3 30. Nd4 Rfb8 31. Rf3 Qd2 32. Qf1 {(=)} Ne1 33. Nxe6+ fxe6 34. Rf7+ Kg8 35. Qf6 0-1

[Event "Smith & Williamson FIDE Rated"]
[Site "Witley"]
[Date "2001.07.20"]
[Round "10.14"]
[White "Hansell, Christopher"]
[Black "Farley, Andrew"]
[Result "0-1"]
[WhiteElo "2062"]
[BlackElo "1760"]
[PlyCount "84"]
[EventDate "2001.07.16"]
[EventType "swiss"]
[EventRounds "11"]
[EventCountry "ENG"]
[SourceTitle "BritBase"]
[Source "John Saunders"]
[SourceDate "2025.09.16"]
[SourceVersion "1"]
[SourceVersionDate "2025.09.16"]
[SourceQuality "1"]

1. d4 d5 2. e3 Bf5 3. c4 e6 4. Qb3 b6 5. Nc3 Nf6 6. Nf3 Bd6 7. Bd2 c6 8. Ne2 a5 9. Ng3 Bg6 10. Rc1 a4 11. Qd1 a3 12. b3 Na6 13. cxd5 Nb4 14. dxe6 Nxa2 15. exf7+ Bxf7 16. Ra1 Nb4 17. Ne5 Bxe5 18. Bxb4 Bd6 19. Bd2 O-O 20. Bd3 c5 21. Nf5 cxd4 22. Nxd4 Bc5 23. O-O {(=)} Bxd4 24. exd4 Qxd4 25. Be3 Qc3 26. Qc2 Qxc2 27. Bxc2 b5 28. Rfc1 Rfc8 29. Bd1 Rxc1 30. Rxc1 b4 31. Kf1 Nd5 32. Bd2 Be6 33. Bf3 {(=)} Rb8 34. Ke1 Nc3 35. Bxc3 bxc3 36. Rxc3 Rxb3 37. Rc1 a2 38. Be4 Rb2 39. f4 Kf8 40. Bxh7 Rxg2 41. Kf1 Rxh2 42. Kg1 Rxh7 0-1

[Event "Smith & Williamson FIDE Rated"]
[Site "Witley"]
[Date "2001.07.20"]
[Round "10.15"]
[White "Williams, Samuel G"]
[Black "Coupe, Marcus"]
[Result "1-0"]
[WhiteElo "1696"]
[BlackElo "1656"]
[PlyCount "65"]
[EventDate "2001.07.16"]
[EventType "swiss"]
[EventRounds "11"]
[EventCountry "ENG"]
[SourceTitle "BritBase"]
[Source "John Saunders"]
[SourceDate "2025.09.16"]
[SourceVersion "1"]
[SourceVersionDate "2025.09.16"]
[SourceQuality "1"]

1. e4 e6 2. d4 d5 3. Nd2 Nf6 4. e5 Nfd7 5. Bd3 c5 6. c3 Nc6 7. Ne2 cxd4 8. cxd4 Qb6 9. Nf3 Be7 10. O-O O-O 11. a3 f6 12. exf6 Bxf6 13. b4 a6 14. Qc2 h6 15. Be3 Qd8 16. Bh7+ Kf7 17. Nf4 Rh8 18. Bg6+ Ke7 19. Bh5 Nf8 20. Rfe1 g5 21. Qc5+ Kd7 22. Nd3 b6 23. Qc3 Bb7 24. Nde5+ Bxe5 25. Nxe5+ Nxe5 26. dxe5 Ke7 27. Qd4 Nd7 28. f4 Rg8 29. fxg5 hxg5 30. Qg4 Nxe5 31. Bxg5+ Kd6 32. Rxe5 Kxe5 33. Qf4# 1-0

[Event "Smith & Williamson FIDE Rated"]
[Site "Witley"]
[Date "2001.07.20"]
[Round "10.16"]
[White "Khoo, Teresa"]
[Black "Bridger, Michael J"]
[Result "1/2-1/2"]
[WhiteElo "1688"]
[BlackElo "2058"]
[PlyCount "47"]
[EventDate "2001.07.16"]
[EventType "swiss"]
[EventRounds "11"]
[EventCountry "ENG"]
[SourceTitle "BritBase"]
[Source "John Saunders"]
[SourceDate "2025.09.16"]
[SourceVersion "1"]
[SourceVersionDate "2025.09.16"]
[SourceQuality "1"]

1. e4 e6 2. d3 d5 3. Nd2 Nf6 4. Ngf3 Be7 5. g3 Nc6 6. Bg2 dxe4 7. dxe4 e5 8. O-O O-O 9. c3 Ne8 10. Qe2 Be6 11. Nc4 f6 12. Ne3 a6 13. h4 Bc5 14. h5 Ne7 15. Nh4 c6 16. b3 Nd6 17. Bb2 Nf7 18. Nef5 Qc7 {(=)} 19. Qg4 Nxf5 20. Nxf5 Bxf5 21. Qxf5 Rad8 22. Rad1 Rxd1 23. Rxd1 Rd8 24. Qf3 1/2-1/2

[Event "Smith & Williamson FIDE Rated"]
[Site "Witley"]
[Date "2001.07.20"]
[Round "10.18"]
[White "Boztas, Kenan"]
[Black "Wilson, Alexandra FV"]
[Result "1-0"]
[WhiteElo "2051"]
[BlackElo "1648"]
[PlyCount "63"]
[EventDate "2001.07.16"]
[EventType "swiss"]
[EventRounds "11"]
[EventCountry "ENG"]
[SourceTitle "BritBase"]
[Source "John Saunders"]
[SourceDate "2025.09.16"]
[SourceVersion "1"]
[SourceVersionDate "2025.09.16"]
[SourceQuality "1"]

1. c4 Nf6 2. g3 d5 3. cxd5 Nxd5 4. Bg2 g6 5. Nc3 Nxc3 6. bxc3 Bg7 7. Nf3 O-O 8. O-O c5 9. Qc2 Nc6 10. Rb1 Qc7 11. Rd1 b6 12. d4 Bb7 13. d5 Na5 14. c4 Ba6 15. Bf4 Qd7 16. Nd2 Rad8 17. e4 Nb7 18. Nf1 Nd6 19. Bxd6 Qxd6 20. Ne3 Bc8 21. f4 Bd4 22. Qd3 Bd7 23. Kh1 Bxe3 24. Qxe3 Ba4 25. Rd2 a6 26. e5 Qc7 27. f5 b5 28. Rf2 f6 29. fxg6 hxg6 30. Qh6 Qxe5 31. Qxg6+ Kh8 32. Rf5 1-0

[Event "Smith & Williamson FIDE Rated"]
[Site "Witley"]
[Date "2001.07.20"]
[Round "10.19"]
[White "Bennet, William"]
[Black "Kelly, Alexandra"]
[Result "1-0"]
[WhiteElo "1800"]
[BlackElo "1672"]
[PlyCount "57"]
[EventDate "2001.07.16"]
[EventType "swiss"]
[EventRounds "11"]
[EventCountry "ENG"]
[SourceTitle "BritBase"]
[Source "John Saunders"]
[SourceDate "2025.09.16"]
[SourceVersion "1"]
[SourceVersionDate "2025.09.16"]
[SourceQuality "1"]

1. d4 Nf6 2. c4 g6 3. Nc3 Bg7 4. e4 d6 5. f4 e5 6. fxe5 dxe5 7. d5 O-O 8. Nf3 Nbd7 9. Bd3 Nc5 10. Bc2 a5 {(=)} 11. O-O Re8 12. Be3 Ncd7 13. c5 Nb8 14. Ba4 Bd7 15. Bxd7 Qxd7 16. Qb3 c6 17. d6 Na6 18. Nd2 Ng4 19. Na4 Qd8 20. Rxf7 Kh8 21. Raf1 Rf8 22. h3 Nxe3 23. Qxe3 Rb8 24. Nc4 Qh4 25. Rxf8+ Rxf8 26. Rxf8+ Bxf8 27. Nxe5 Qh5 28. Qd4 Qe2 29. d7 1-0

[Event "Smith & Williamson FIDE Rated"]
[Site "Witley"]
[Date "2001.07.21"]
[Round "11.1"]
[White "Woodward, Timothy DM"]
[Black "Deva, Chetan"]
[Result "1/2-1/2"]
[WhiteElo "2096"]
[BlackElo "2128"]
[PlyCount "23"]
[EventDate "2001.07.16"]
[EventType "swiss"]
[EventRounds "11"]
[EventCountry "ENG"]
[SourceTitle "BritBase"]
[Source "John Saunders"]
[SourceDate "2025.09.16"]
[SourceVersion "1"]
[SourceVersionDate "2025.09.16"]
[SourceQuality "1"]

1. Nf3 g6 2. c4 Bg7 3. Nc3 d6 4. d4 Nf6 5. e4 O-O 6. Be2 e5 7. O-O {(=)} Nc6 8. d5 Ne7 9. Ne1 Ne8 10. Be3 f5 11. f3 Nf6 12. c5 1/2-1/2

[Event "Smith & Williamson FIDE Rated"]
[Site "Witley"]
[Date "2001.07.21"]
[Round "11.2"]
[White "Churm, Rohan M"]
[Black "Ekeberg, Carl Fredrik"]
[Result "1-0"]
[WhiteElo "2143"]
[BlackElo "2117"]
[PlyCount "77"]
[EventDate "2001.07.16"]
[EventType "swiss"]
[EventRounds "11"]
[EventCountry "ENG"]
[SourceTitle "BritBase"]
[Source "John Saunders"]
[SourceDate "2025.09.16"]
[SourceVersion "1"]
[SourceVersionDate "2025.09.16"]
[SourceQuality "1"]

1. d4 Nf6 2. Bg5 e6 3. e4 h6 4. Bxf6 Qxf6 5. Nf3 d6 6. Nbd2 g5 7. h3 Bg7 8. Bd3 Nc6 9. c3 Bd7 10. Qe2 h5 11. O-O-O O-O-O 12. Nh2 Qe7 13. Nhf1 Qf8 14. Ne3 f5 15. Rde1 Re8 16. f3 Qf7 17. Bc4 f4 18. Nc2 Ne7 19. Bb3 Qg6 20. Qf2 Ref8 21. d5 Kb8 22. c4 Be5 23. c5 exd5 24. exd5 Nf5 25. Rxe5 dxe5 26. Nc4 Re8 27. Re1 Qf6 28. Qd2 g4 29. c6 bxc6 30. dxc6 Bc8 31. Qa5 Nd4 32. Nb4 Nxc6 33. Qb5+ Bb7 34. Na6+ Kc8 35. Nc5 Nd8 36. Qd7+ Kb8 37. Qxe8 Qh4 38. Qxh8 Qxe1+ 39. Bd1 1-0

[Event "Smith & Williamson FIDE Rated"]
[Site "Witley"]
[Date "2001.07.21"]
[Round "11.3"]
[White "Rendle, Thomas E"]
[Black "Bigg, Andrew J"]
[Result "1/2-1/2"]
[WhiteElo "2129"]
[BlackElo "2216"]
[PlyCount "56"]
[EventDate "2001.07.16"]
[EventType "swiss"]
[EventRounds "11"]
[EventCountry "ENG"]
[SourceTitle "BritBase"]
[Source "John Saunders"]
[SourceDate "2025.09.16"]
[SourceVersion "1"]
[SourceVersionDate "2025.09.16"]
[SourceQuality "1"]

1. e4 e5 2. Nf3 Nc6 3. Bb5 a6 4. Ba4 Nf6 5. O-O Be7 6. d4 exd4 7. e5 Ne4 8. Nxd4 O-O 9. Nf5 d5 10. Bxc6 bxc6 11. Nxe7+ Qxe7 12. Qd4 Rb8 13. b3 c5 14. Ba3 cxd4 15. Bxe7 Re8 16. Ba3 Rxe5 17. Rd1 Bf5 18. Rxd4 c5 19. Rd1 d4 20. f4 Re6 21. Nd2 Nc3 22. Re1 Rbe8 23. Nf3 Bxc2 24. Bxc5 d3 25. Kf1 Rxe1+ 26. Rxe1 Rxe1+ 27. Kxe1 Nxa2 28. Kd2 Bxb3 1/2-1/2

[Event "Smith & Williamson FIDE Rated"]
[Site "Witley"]
[Date "2001.07.21"]
[Round "11.4"]
[White "Kahar, Krunal"]
[Black "Dorrington, Christopher"]
[Result "1-0"]
[WhiteElo "2172"]
[BlackElo "2161"]
[PlyCount "106"]
[EventDate "2001.07.16"]
[EventType "swiss"]
[EventRounds "11"]
[EventCountry "ENG"]
[SourceTitle "BritBase"]
[Source "John Saunders"]
[SourceDate "2025.09.16"]
[SourceVersion "1"]
[SourceVersionDate "2025.09.16"]
[SourceQuality "1"]

1. d4 Nf6 2. Bg5 Ne4 3. Be3 f5 4. f3 Nf6 5. Bf2 e6 6. Nd2 d5 7. e3 Bd6 8. Bd3 e5 9. dxe5 Bxe5 10. c3 O-O 11. Ne2 Re8 12. Qc2 c5 13. O-O-O Qa5 14. Bxf5 Bxf5 15. Qxf5 Qxa2 16. g4 g6 17. Qc2 Nc6 18. g5 Nd7 19. f4 Bg7 20. Qb3 Qxb3 21. Nxb3 d4 22. cxd4 cxd4 23. Nexd4 Nxd4 24. Nxd4 Nc5 25. Kb1 Re4 {(=)} 26. Nc2 Na4 27. Nd4 Nc5 28. Rhe1 Rae8 29. Rd2 Bxd4 30. Rxd4 Rxd4 31. exd4 Rxe1+ 32. Bxe1 Ne6 33. Kc2 Nxf4 34. Kc3 {(=)} Kf7 35. Kc4 Ke6 36. Bg3 Nd5 37. Bb8 a6 38. Kc5 Ne3 {(=)} 39. Bf4 b6+ 40. Kc6 Nd5 41. Be5 b5 42. Kc5 Ne3 43. Bf4 Nd5 44. Bd2 Ne7 45. Kb6 Kd5 46. Kxa6 Kc4 47. b3+ Kxd4 48. Kxb5 Kd5 49. b4 Nc8 50. Ka6 Nd6 51. b5 Kc5 52. Be3+ Kd5 53. Bf4 Ne8 1-0

[Event "Smith & Williamson FIDE Rated"]
[Site "Witley"]
[Date "2001.07.21"]
[Round "11.5"]
[White "Nixon, Thomas"]
[Black "Bjerke, Silje"]
[Result "1/2-1/2"]
[WhiteElo "2137"]
[BlackElo "2029"]
[PlyCount "75"]
[EventDate "2001.07.16"]
[EventType "swiss"]
[EventRounds "11"]
[EventCountry "ENG"]
[SourceTitle "BritBase"]
[Source "John Saunders"]
[SourceDate "2025.09.16"]
[SourceVersion "1"]
[SourceVersionDate "2025.09.16"]
[SourceQuality "1"]

1. d4 d5 2. c4 e6 3. Nc3 c6 4. cxd5 exd5 5. Nf3 Bd6 6. Qc2 Ne7 7. Bg5 f6 8. Bh4 Bf5 9. Qd2 O-O 10. e3 Nd7 11. Bd3 Qe8 12. Bg3 Bxg3 13. hxg3 Bxd3 14. Qxd3 Qg6 15. Qe2 Nb6 16. Nh4 Qf7 17. g4 Nc4 18. O-O-O a5 19. Qc2 b5 20. Rh3 Rfc8 21. Rdh1 h6 22. Nf5 Nxf5 23. Qxf5 a4 24. Rf3 Rc7 25. Qc2 Qe8 26. e4 b4 27. Nxa4 Qxe4 28. Nc5 Qxc2+ 29. Kxc2 Rxa2 30. Rb3 Re7 31. Nd3 Re4 32. Nxb4 Re2+ 33. Kc3 Raxb2 34. Rxb2 Nxb2 35. Rf1 Kf7 36. Nxc6 Rxf2 37. Rb1 Nc4 38. Rb7+ 1/2-1/2

[Event "Smith & Williamson FIDE Rated"]
[Site "Witley"]
[Date "2001.07.21"]
[Round "11.6"]
[White "Martyn, Rafe"]
[Black "Mycroft, Richard"]
[Result "1-0"]
[WhiteElo "2126"]
[BlackElo "1736"]
[PlyCount "51"]
[EventDate "2001.07.16"]
[EventType "swiss"]
[EventRounds "11"]
[EventCountry "ENG"]
[SourceTitle "BritBase"]
[Source "John Saunders"]
[SourceDate "2025.09.16"]
[SourceVersion "1"]
[SourceVersionDate "2025.09.16"]
[SourceQuality "1"]

1. d4 Nf6 2. c4 g6 3. Nc3 Bg7 4. e4 d6 5. Nf3 O-O 6. h3 e5 7. d5 a5 8. Be3 Na6 9. g4 Nc5 10. Nd2 Re8 11. Be2 c6 12. h4 cxd5 13. cxd5 b5 14. Bxc5 dxc5 {(=)} 15. Nxb5 Qb6 16. a4 Bd7 17. Ra3 Bf8 18. g5 Nh5 19. Nc4 Qb8 20. Bxh5 gxh5 21. Rb3 Bxb5 22. Rxb5 Qc7 23. Rh3 Reb8 24. Rhb3 Rxb5 25. Rxb5 Rb8 26. Qf3 1-0

[Event "Smith & Williamson FIDE Rated"]
[Site "Witley"]
[Date "2001.07.21"]
[Round "11.7"]
[White "Payne, Robert"]
[Black "Winkworth, Julian"]
[Result "1/2-1/2"]
[WhiteElo "1688"]
[BlackElo "1904"]
[PlyCount "22"]
[EventDate "2001.07.16"]
[EventType "swiss"]
[EventRounds "11"]
[EventCountry "ENG"]
[SourceTitle "BritBase"]
[Source "John Saunders"]
[SourceDate "2025.09.16"]
[SourceVersion "1"]
[SourceVersionDate "2025.09.16"]
[SourceQuality "1"]

1. d4 Nf6 2. Nf3 d6 3. Bg5 g6 4. Nbd2 Bg7 5. e3 O-O 6. Bd3 Nbd7 7. O-O Re8 8. c3 h6 9. Bh4 e5 10. Qc2 Qe7 11. dxe5 dxe5 1/2-1/2

[Event "Smith & Williamson FIDE Rated"]
[Site "Witley"]
[Date "2001.07.21"]
[Round "11.8"]
[White "Cooley, Oliver"]
[Black "Rattray, Ross"]
[Result "1-0"]
[WhiteElo "2079"]
[BlackElo "2076"]
[PlyCount "119"]
[EventDate "2001.07.16"]
[EventType "swiss"]
[EventRounds "11"]
[EventCountry "ENG"]
[SourceTitle "BritBase"]
[Source "John Saunders"]
[SourceDate "2025.09.16"]
[SourceVersion "1"]
[SourceVersionDate "2025.09.16"]
[SourceQuality "1"]

1. e4 c5 2. Nf3 Nc6 3. d4 cxd4 4. Nxd4 e5 5. Nb5 d6 6. N1c3 a6 7. Na3 b5 8. Nd5 Nge7 9. c4 Nd4 10. cxb5 Nxd5 11. exd5 Be7 12. bxa6 Qa5+ 13. Bd2 Qxd5 14. Be3 Qe4 15. Qd3 d5 16. Qxe4 dxe4 17. Rc1 Bb4+ 18. Bd2 Bxa3 19. bxa3 O-O 20. Bc4 Be6 21. Bxe6 fxe6 22. Bb4 Rfd8 23. Rc5 Rd5 24. O-O Rxa6 25. Re1 Nc6 26. g3 Nxb4 27. axb4 Rxa2 28. Rxe4 Rdd2 29. Rcxe5 Rxf2 30. Rxe6 Rg2+ 31. Kf1 Raf2+ 32. Ke1 h6 33. Re2 Rxe2+ {(=)} 34. Rxe2 Rg1+ 35. Kd2 Rb1 36. Kc3 g5 37. Rb2 Rf1 38. b5 Rf8 39. Kc4 Rb8 40. Rf2 Kg7 41. Kc5 Rc8+ 42. Kd6 Rc1 43. b6 Rd1+ 44. Kc7 Rc1+ 45. Kb8 Rb1 46. b7 h5 47. Rc2 h4 48. gxh4 gxh4 49. Kc7 Kg6 50. b8=Q Rxb8 51. Kxb8 Kf5 52. Kc7 Ke4 53. Kd6 Kf5 54. Kd5 Kg4 55. Ke4 Kh3 56. Ke3 Kg4 57. Rg2+ Kh3 58. Rf2 Kg4 59. Rf3 Kg5 60. Rf4 1-0

[Event "Smith & Williamson FIDE Rated"]
[Site "Witley"]
[Date "2001.07.21"]
[Round "11.9"]
[White "Farley, Andrew"]
[Black "Rennie, John"]
[Result "1/2-1/2"]
[WhiteElo "1760"]
[BlackElo "2053"]
[PlyCount "27"]
[EventDate "2001.07.16"]
[EventType "swiss"]
[EventRounds "11"]
[EventCountry "ENG"]
[SourceTitle "BritBase"]
[Source "John Saunders"]
[SourceDate "2025.09.16"]
[SourceVersion "1"]
[SourceVersionDate "2025.09.16"]
[SourceQuality "1"]

1. e4 e6 2. d4 d5 3. Nd2 Nf6 4. e5 Nfd7 5. Bd3 c5 6. c3 Nc6 7. Ne2 Qb6 8. Nf3 cxd4 9. cxd4 Bb4+ 10. Bd2 Bxd2+ 11. Qxd2 Qb4 12. Rc1 Nb6 13. O-O Qxd2 14. Nxd2 1/2-1/2

[Event "Smith & Williamson FIDE Rated"]
[Site "Witley"]
[Date "2001.07.21"]
[Round "11.10"]
[White "Williams, Samuel G"]
[Black "Lutton, Josiah Ezra"]
[Result "0-1"]
[WhiteElo "1696"]
[BlackElo "2093"]
[PlyCount "68"]
[EventDate "2001.07.16"]
[EventType "swiss"]
[EventRounds "11"]
[EventCountry "ENG"]
[SourceTitle "BritBase"]
[Source "John Saunders"]
[SourceDate "2025.09.16"]
[SourceVersion "1"]
[SourceVersionDate "2025.09.16"]
[SourceQuality "1"]

1. e4 e6 2. d4 d5 3. Nd2 Nf6 4. e5 Nfd7 5. Bd3 c5 6. c3 Nc6 7. Ne2 cxd4 8. cxd4 f6 9. exf6 Nxf6 10. Nf3 Bd6 11. O-O O-O 12. Bg5 Qc7 13. Rc1 Bd7 14. Bh4 Rae8 15. Bg3 Re7 16. Ne5 Qb8 17. f4 Be8 18. a3 Bc7 19. Qd2 Bb6 20. Bb1 Bc7 {(=)} 21. b4 Nd8 22. Bd3 Nf7 23. Bh4 Nd6 24. Qc2 Bb6 25. Bxh7+ Kh8 26. Qd3 g5 27. fxg5 Rxh7 28. gxf6 Rxh4 29. Nf4 Rxf6 30. Nfg6+ Bxg6 31. Nxg6+ Rxg6 32. Qxg6 Bxd4+ 33. Kh1 Nf5 34. Rf3 Qxh2# 0-1

[Event "Smith & Williamson FIDE Rated"]
[Site "Witley"]
[Date "2001.07.21"]
[Round "11.11"]
[White "Timms, Nicholas D"]
[Black "Goodwin, Lydia"]
[Result "1/2-1/2"]
[WhiteElo "2102"]
[BlackElo "1768"]
[PlyCount "20"]
[EventDate "2001.07.16"]
[EventType "swiss"]
[EventRounds "11"]
[EventCountry "ENG"]
[SourceTitle "BritBase"]
[Source "John Saunders"]
[SourceDate "2025.09.16"]
[SourceVersion "1"]
[SourceVersionDate "2025.09.16"]
[SourceQuality "1"]

1. d4 Nf6 2. Bg5 Ne4 3. Bf4 d5 4. e3 Bf5 5. Bd3 e6 6. Nf3 Bd6 7. Bxd6 Nxd6 8. Bxf5 Nxf5 9. O-O O-O 10. Nbd2 c6 1/2-1/2